01006nam a2200277 i 450000100060000000300080000600500170001400800390003103500190007004000320008904100080012108200250012910000270015424500750018126000610025630000340031749000220035150400410037350500420041465000250045665000370048165000330051894200120055199900170056395201480058033935BD-RjUL20211209052101.0140512s1979 caua b 000 0 eng a(BD-RjUL)34027 aDLCcDLCdDLCdBD-RjULbeng aeng00a613.94bDJP V-2 19791 aDjerassi, Carl.93242514aThe politics of contraception /cCarl Djeraasi.nVol. II :pThe Future aStanford, Calif. :bStanford Alumni Association,cc1979. axxv, 267 p. :bill. ;c23 cm.0 aPortable Stanford aIncludes bibliographical references.0 av. 1. The present.--V. 2. The future. 0aContraception.91879 0aContraceptionxResearch.9103121 0aOral contraceptives.9103122 2ddccBK c33935d33935 00102ddc40718NFICaRUCLbRUCLcReadingd1986-09-11eAsia foundationg0.00l0o613.94 DJP V-2 1979r2014-05-12 00:00:00tC-1w2014-05-12yBK